Biblioteca

Habla el Antiguo Testamento (Registro nro. 33241)

Detalles MARC
000 -LÍDER
Campo fijo de descripción fija 00847nam a22002537a 4500
001 - NÚMERO DE CONTROL
Campo de control 2314
003 - IDENTIFICADOR DEL NÚMERO DE CONTROL
Campo de control CO-MdFUSB
005 - FECHA Y HORA DE LA ULTIMA TRANSACCIÓN
control field 20170726090300.0
008 - ELEMENTOS DE LONGITUD FIJA -- INFORMACIÓN GENERAL
Campo fijo de descripción fija -- Información general 170726t1976 xxu||||| |||| 00| 0 s d
020 ## - NÚMERO INTERNACIONAL NORMALIZADO PARA LIBROS
Número Internacional Normalizado del libro 0-8254-1657-4
040 ## - FUENTE DE CATALOGACIÓN
Agencia de catalogación original CO-MdFUSB
Idioma de catalogación spa
Agencia que realiza la transcripción CO-MdFUSB
Agencia que realiza la modificación CO-MdFUSBC
Convenciones de la descripción rda
041 0# - CÓDIGO DE IDIOMA
Código de idioma para texto/pista de sonido o título separado spa
082 04 - NÚMERO DE CLASIFICACIÓN DECIMAL DEWEY
Número de clasificación G 221.7 S3871h
100 1# - ASIENTO PRINCIPAL--NOMBRE PERSONAL
Nombre personal Schultz, Samuel J.
Término relacionador autor
245 10 - TÍTULO
Título del Material Habla el Antiguo Testamento
Parte restante del título - Subtitulo : Un exámen completo de la historia y la literatura del Antiguo Testamento
Mención de responsabilidad, etc. / Samuel J. Schultz ; Francisco Cazorla, Traductor
264 #4 - PRODUCCIÓN, PUBLICACIÓN, DISTRIBUCIÓN, MANUFACTURA, Y COPYRIGHT
Lugar de producción, publicación, distribución, manufactura Grand Rapids, MI., USA :
Nombre del productor, publicador, distribuidor Portavoz,
Fecha de producción, publicación, distribución, manufactura, o copyright ©1976
300 ## - DESCRIPCIÓN FÍSICA
Extensión XII, 416 Pag
336 ## - TIPO DE CONTENIDO
Fuente rdacontent
Término de tipo de contenido
Código de tipo de contenido
337 ## - TIPO DE MEDIO
Fuente rdamedia
Nombre del tipo de medio
Código del tipo de medio
338 ## - TIPO DE SOPORTE
Fuente rdacarrier
Nombre del tipo de soporte
Código Tipo de soporte
500 ## - NOTA GENERAL
Nota General Título original : The Old Testament speaks
653 ## - TÉRMINO DE INDIZACIÓN - NO CONTROLADO
Término no controlado Biblia A.T. - Historia sagrada
942 ## - TIPO DE MATERIAL (KOHA)
Tipo de Item KOHA Libros General
Existencias
Estado de Material Estado de Perdido Estado de Dañado No para Préstamo Colección Tomo Biblioteca de Origen Biblioteca Permanente Fecha de Adquisición Total de Préstamos Total de Renovaciones Signatura Topográfica Código de Barras Última vez visto Última vez Préstado Ejemplar/Existencia Fecha de Remplazo Tipo de Material
        Colección General   Biblioteca FUSBC Biblioteca FUSBC 18/11/2004 19 4 G 221.7 S3871h 1532 13/08/2025 12/08/2025 1 26/01/2016 Libros General

Biblioteca FUSBC | Teléfono: (57+4) 349 88 10 Ext. 141| WhatsApp (+57) 3005338115 
E-mail: biblioteca@unisbc.edu.co | Calle 76 87-14 Robledo Palenque, Medellín, Colombia

Con tecnología Koha